Europeiske språkgrupper - Statistics

General Stats
  • This quiz has been taken 38 times
    13 since last reset
  • The average score is 29 of 39
Answer Stats
Land Språk Språkgruppe Språkfamilie % Correct
Tyskland, Østerrike, Sveits, Liechtenstein Tysk Germansk Indo-europeisk
100%
Storbritannia, Irland Engelsk Germansk Indo-europeisk
100%
Frankrike, Belgia Fransk Romansk Indo-europeisk
100%
Russland Russisk Slavisk Indo-europeisk
100%
Sverige Svensk Germansk Indo-europeisk
88%
Norge Norsk Germansk Indo-europeisk
88%
Danmark Dansk Germansk Indo-europeisk
88%
Nederland, Belgia Nederlandsk Germansk Indo-europeisk
88%
Island Islandsk Germansk Indo-europeisk
88%
Luxembourg Luxembourgsk Germansk Indo-europeisk
88%
Italia, San Marino Italiensk Romansk Indo-europeisk
88%
Spania Spansk Romansk Indo-europeisk
88%
Romania, Moldova Rumensk Romansk Indo-europeisk
88%
Portugal Portugisisk Romansk Indo-europeisk
88%
Polen Polsk Slavisk Indo-europeisk
88%
Ukraina Ukrainsk Slavisk Indo-europeisk
88%
Tsjekkia Tsjekkisk Slavisk Indo-europeisk
88%
Slovenia Slovensk Slavisk Indo-europeisk
88%
Bulgaria Bulgarsk Slavisk Indo-europeisk
88%
Nord-Makedonia Makedonsk Slavisk Indo-europeisk
88%
Serbia, Bosnia, Kroatia, Montenegro Serbo-kroatisk Slavisk Indo-europeisk
88%
Belarus Belarusisk Slavisk Indo-europeisk
88%
Tyrkia Tyrkisk Sørvest-tyrkisk Tyrkisk
88%
Hellas Gresk Gresk Indo-europeisk
75%
Spania (Catalonia), Andorra Katalansk Romansk Indo-europeisk
75%
Slovakia Slovakisk Slavisk Indo-europeisk
75%
Finland Finsk Finsk-ugrisk Uralsk
63%
Irland Irsk Keltisk Indo-europeisk
63%
Albania, Kosovo Albansk Albansk Indo-europeisk
50%
Latvia Latvisk Baltisk Indo-europeisk
50%
Litauen Litauisk Baltisk Indo-europeisk
50%
Ungarn Ungarsk Finsk-ugrisk Uralsk
50%
Estland Estisk Finsk-ugrisk Uralsk
50%
Storbritannia (Skottland) Skotsk-gælisk Keltisk Indo-europeisk
50%
Aserbajdsjan Azeri Sørvest-tyrkisk Tyrkisk
50%
Armenia Armensk Armensk Indo-europeisk
38%
Georgia Georgisk Kartvelsk Kartvelsk
38%
Malta Maltesisk Semittisk Afro-asiatisk
25%
Spania (Baskerland) Baskisk Ingen Ingen (isolert)
13%
No matching quizzes found
Score Distribution
Percent of People with Each Score
Percentile by Number Answered
Your Score History
You have not taken this quiz since the last reset